Rut y Ester.
Saved in:
| Main Author: | |
|---|---|
| Format: | Unknown |
| Published: |
Estella (Navarra), España:
Verbo Divino (EVD),
1998.
|
| Series: | Nueva Biblia Española,
|
| Subjects: | |
| Tags: |
Add Tag
No Tags, Be the first to tag this record!
|
MARC
| LEADER | 00000 a2200000 4500 | ||
|---|---|---|---|
| 003 | CL-VaPUC | ||
| 005 | 20231123120327.0 | ||
| 008 | 231115t1998 ||||| |||| 00| 0 eng d | ||
| 999 | |c 442384 |d 442382 | ||
| 020 | |a 978-84-8169-231-X | ||
| 040 | |c Pontificia Universidad Católica de Valparaíso | ||
| 082 | |2 22 |a 222.35 VIL 1998 | ||
| 100 | |a Vílchez Líndez, José |9 885666 |e autor | ||
| 245 | |a Rut y Ester. | ||
| 260 | |a Estella (Navarra), España: |b Verbo Divino (EVD), |c 1998. | ||
| 300 | |a 418 páginas. | ||
| 490 | |a Nueva Biblia Española, |n II. | ||
| 583 | |k GC |c 20231115 | ||
| 650 | 0 | |9 302904 |a Libros sagrados |x Libro de Rut |x Biblia |v Crítica e interpretación |v Aspectos religiosos y literarios | |
| 651 | |a Libros sagrados |x Libro de Ester |x Biblia |x Crítica e interpretación |v Aspectos religiosos y literarios |9 886033 | ||
| 942 | |2 ddc |c BK | ||
| 952 | |0 0 |1 0 |2 ddc |4 0 |6 222_350000000000000_VIL_1998 |7 0 |8 A |9 592445 |a BIBTEO |b BIBTEO |d 2023-11-10 |e 8 |g 36400.00 |i 5659459 |o 222.35 VIL 1998 |p 5659459 |r 2025-01-17 |t 1 |v 36400.00 |w 2023-11-10 |y BK |k ICR | ||